| 000 | 00622nam a22002177a 4500 | ||
|---|---|---|---|
| 005 | 20240903100708.0 | ||
| 008 | 240903b |||||||| |||| 00| 0 eng d | ||
| 020 | _a9789358490305 | ||
| 040 |
_aIN-DiNC _cIN-DiNC |
||
| 041 | _dasm | ||
| 082 |
_a613 _bMAH |
||
| 100 |
_aMahanta, Bidisha _eauthor |
||
| 245 |
_aSwasthya aru susthata (VAC2)/ _cby Bidisha Mahanta, Lima Hazarika and Bikashita Mahanta |
||
| 250 | _a5th rev. | ||
| 260 |
_aDibrugarh: _bBanalata, _c2024. |
||
| 300 | _a81p. | ||
| 650 | _aHealth and wellness | ||
| 700 |
_aHazarika, Lima _eauthor |
||
| 700 |
_aMahanta, Bikashita _eauthor |
||
| 942 |
_2ddc _cBK |
||
| 999 |
_c11931 _d11931 |
||